000 00453nam a2200181Ia 4500
001 1758
005 20260306143752.0
008 260306t1976||||xx |||||||||||||| ||spa||
041 _aESP
082 _a155.284
_bA59 1976
100 _aAnderson, Anderson y
_eAUT
245 0 _aTécnicas proyectivas del diagnóstico psicológico
260 _c1976
300 _a799 páginas :
_c23 cm.
650 _aGEN
654 _aCPS
942 _cLIB
_dJUS
_fJUS
_2ddc
_n
999 _c1758
_d1758